ბათუმის შოთა რუსთაველის სახელმწიფო უნივერსიტეტის ბიბლიოთეკა

საქართველო: (ბიბ.ჩანაწერი № 59290)

000 -ლიდერი
ფიქსირებული სიგრძის საკონტროლო ველი 01835nam a22002537a 4500
003 - საკონტროლო ნომრის იდენტიფიკატორი
საკონტროლო ველი Ge_BSU
005 - ბოლო ოპერაციის თარიღი და დრო
საკონტროლო ველი 20221230121131.0
008 - ფიქსირებული სიგრძის მონაცემთა ელემენტები - ზოგადი ინფორმაცია
ფიქსირებული სიგრძის საკონტროლო ველი 221230s2022ge xxu||||| |||| 00| 0 geo d
020 ## - წიგნის საერთაშორისო სტანდარტული ნომერი
International Standard Book Number 9789941979644
041 ## - ენის კოდი
Language code of text/sound track or separate title geo
080 ## - უნივერსალური ათობითი კლასიფიკაციის ინდექსი
Universal Decimal Classification number 94(479.22)"19" ს-32
245 ## - ცნობა სათაურის შესახებ
Title საქართველო:
Remainder of title ტრავმა და ტრიუმფი დამოუკიდებლობისკენ მიმავალ გზაზე : [მონოგრაფია] /
Statement of responsibility, etc ნინო ჩიქოვანი, ქეთევან კაკიტელაშვილი, ირაკლი ჩხაიძე [და სხვა] ; რედაქტორები: მარინე ჩიტაშვილი, სოფო ზვიადაძე ; დიზაინერი დალი ჯვარშეიშვილი.
264 ## - წარმოების, გამოცემის, დისტრიბუციის და სხვა ცნობები
გამოცემის, წარმოების, დისტრიბუციის... ადგილი თბილისი :
გამოცემის, წარმოების, დისტრიბუციის... სახელწოდება სამშობლო,
გამოცემის, წარმოების, დისტრიბუციის... თარიღი 2022.
300 ## - ფიზიკური აღწერა
Extent 680 გვ. :
Other physical details დიაგრ. ;
Dimensions 25 სმ.
504 ## - BIBLIOGRAPHY, ETC. NOTE
Bibliography, etc ბიბლიოგრაფია ტექსტის შენიშვნებში და გვ. 549-569.
546 ## - LANGUAGE NOTE
Language note ტექსტი ქართულ და ინგლისურ ენებზე.
653 ## - INDEX TERM--UNCONTROLLED
Uncontrolled term საქართველოს ისტორია -- XX ს.
700 ## - ADDED ENTRY--PERSONAL NAME
Personal name ჩიქოვანი, ნინო
Relator term ავტორი
9 (RLIN) 16656
700 ## - ADDED ENTRY--PERSONAL NAME
Personal name კაკიტელაშვილი, ქეთევან
Relator term ავტორი
9 (RLIN) 16657
700 ## - ADDED ENTRY--PERSONAL NAME
Personal name ჩხაიძე, ირაკლი
Relator term ავტორი
9 (RLIN) 16658
700 ## - ADDED ENTRY--PERSONAL NAME
Personal name ჩიტაშვილი, მარინე
Relator term რედაქტორი
9 (RLIN) 977
700 ## - ADDED ENTRY--PERSONAL NAME
Personal name ზვიადაძე, სოფო
Relator term რედაქტორი
9 (RLIN) 16659
942 ## - ADDED ENTRY ELEMENTS (KOHA)
Source of classification or shelving scheme
Koha item type წიგნი
ეგზემპლარები
ჩამოწერის სტატუსი დაკარგული ეგზემპლარის სტატუსი კლასიფიკაციის წყარო ან თაროზე გაწყობის სქემა დაზიანების სტატუსი არ გაიცემა მუდმივი მდებარეობა (დაცვის ადგილი) ამჟამინდელი ადგილსამყოფელი თაროზე განთავსების ადგილი შეძენის თარიღი ღირებულება, შესყიდვის ნორმალური ფასი სრული შენახვის შიფრი შტრიხკოდი ბოლო ოპერაციის თარიღი ეგზემპლარის მიმდევრობითი ნომერი (კეტერი?) ფასის ძალაში შესვლის თარიღი ეგზემპლარის სახეობა საჯარო შენიშვნა
          ბათუმის შოთა რუსთაველის სახელმწიფო უნივერსიტეტის მთავარი ბიბლიოთეკა ბათუმის შოთა რუსთაველის სახელმწიფო უნივერსიტეტის მთავარი ბიბლიოთეკა წიგნსაცავი 2022-12-30 10.00 94(479.22) 63436 2022-12-30 63436 2022-12-30 წიგნი 10.00